Religion Quiz

Random Religion or Judaism Quiz

Bible Book by French Name Quiz Stats

 Plays Quiz Updated Feb 6, 2019

Support Sporcle.
Go Orange.
Score 0/20 Timer 04:00
0 Plays Today
French English % Correct
JeanJohn
90.2%
GenèseGenesis
90%
NombresNumbers
89.3%
HébreuxHebrews
87.4%
PsaumePsalms
86.7%
PierrePeter
84.1%
JosuéJoshua
81%
GalatesGalatians
75.5%
ApocalypseRevelation
73.1%
Cantique des CantiquesSong of Solomon
68.3%
French English % Correct
TiteTitus
68%
RoisKings
60.2%
JacquesJames
52.1%
MichéeMicah
51.3%
ÉsaïeIsaiah
44.2%
EsdrasEzra
39.3%
OséeHosea
39.2%
AbdiasObadiah
31.7%
AggéeHaggai
27.4%
SophonieZephaniah
13%

You're not logged in!

Compare scores with friends on all Sporcle quizzes.
OR
Log In
Forgot?

From the Vault

When They Were Young (Musicians)

by chrisgreenbank

Music 8m
It's tough to age gracefully when you're living the life of a rock star.
Remove Ads.
Support Sporcle.
Get the best of Sporcle when you Go Orange. This ad-free experience offers more features, more stats, and more fun while also helping to support Sporcle. Thank you for becoming a member.

Show Comments

Extras

Top Quizzes Today


Score Distribution

Your Account Isn't Verified!

In order to create a playlist on Sporcle, you need to verify the email address you used during registration. Go to your Sporcle Settings to finish the process.

Report this User

Report this user for behavior that violates our Community Guidelines.

Details: